'H' General Knowledge Quiz Stats

 Plays Quiz not verified by Sporcle

Challenge
Share
Tweet
Score 0/21 Timer 05:00
0 Plays Today
Question Answer % Correct
Which nectar-feeding hovering bird can beat its wings 80 times per second?Hummingbird
91.5%
Which type of shark has flattened blade-like extensions on either side of its head?Hammerhead
91.3%
Which bone in the arm runs from the shoulder to the elbow?Humerus
77%
What name is given to a three-dimensional image created with photographic projection? Hologram
76.8%
In Greek mythology, who was the wife of Zeus?Hera
76.5%
Which oath is historically taken by physicians and physician assistants?Hippocratic oath
71.2%
'Bad breath' is a symptom of which condition?Halitosis
70%
Which hereditary genetic disorder impairs the body's ability to control blood clotting?Haemophilia
69.3%
In Greek mythology, which many headed serpent-like water monster was killed by Heracles?Hydra
66.7%
'Egrets' and 'Bitterns' are other names given to which fish, amphibian and mollusc eating bird?Heron
62.2%
What name is given to an annual Islamic pilgrimage to Mecca, and a mandatory religious duty for Muslims?Hajj
58.6%
Question Answer % Correct
Greek philosopher Socrates was forced to drink which poison? Hemlock
57.3%
Which is the largest and most populous island of Japan?Honshu
53.6%
The Dominican Republic and Haiti share which island in the Caribbean Sea?Hispaniola
45.9%
What kind of creature is kept in an apiary?Honey bee
45.3%
What is the name of a person who sells small articles for sewing, such as buttons, ribbons, zips etc?Haberdasher
41.9%
In German legend, from which town did the 'Pied Piper' lure the children away?Hamelin
35.9%
What name is given to an ancient Greek or Roman stadium for chariot or horse races?Hippodrome
33.2%
What name is given to an astrological chart or diagram representing the positions of the Sun, Moon, planets etc?Horoscope
32.7%
Which instrument is used to measure the specific gravity (or relative density) of liquids?Hydrometer
27.3%
Which 500 mile long mountain range stretches between central Afghanistan and northern Pakistan?Hindu Kush
15.6%

You're not logged in!

Compare scores with friends on all Sporcle quizzes.
Join for Free
OR
Log In

You Might Also Like...

Show Comments

Extras

Created Nov 11, 2014ReportNominate
Tags:Grab Bag Quiz, Letter Quiz

Top Quizzes Today


Score Distribution

Your Account Isn't Verified!

In order to create a playlist on Sporcle, you need to verify the email address you used during registration. Go to your Sporcle Settings to finish the process.

Report this User

Report this user for behavior that violates our Community Guidelines.

Details: